Sammlung der Kurzfassungen : 4.Internationales DAAAM Symposium : Konf. Brno. 16.-18.September 1993

Salvato in:
Dettagli Bibliografici
Natura: Libro
Lingua:multilingua
Pubblicazione: Brno : TU, 1993
Soggetti:
Tags: Aggiungi Tag
Nessun Tag, puoi essere il primo ad aggiungerne!!

MARC

LEADER 00000nam a22000003a 4500
001 stu45787
005 20150408180244.9
008 970408s1993----cs------------------mul-d
040 |a STU  |b slo 
041 0 |a mul 
044 |a cs 
080 |a 65.011.56(082) 
245 |a Sammlung der Kurzfassungen :  |b 4.Internationales DAAAM Symposium : Konf. Brno. 16.-18.September 1993 
260 |a Brno :  |b TU,  |c 1993 
300 |a 393 s 
650 7 |a technológie  |2 stusub 
650 7 |a zborníky  |2 stusub 
650 7 |a Automatizácia pružná  |2 stusub 
996 |b 284M087872  |c M*Z-751  |l MMKN  |s A  |a 24  |w stu45787_0001 
996 |b MZ 886  |c M*Z-886  |l MMKN  |s A  |a 24  |w stu45787_0002